| 000 | 00982 a2200229 4500 | ||
|---|---|---|---|
| 001 | 1902 | ||
| 005 | 20260407155420.0 | ||
| 008 | 260407a2006 arg spa d | ||
| 003 | AR-UNSa-BCEJYS | ||
| 040 |
_aAR-UNSa-BCEJYS _bspa _cAR-UNSa-BCEJYS |
||
| 080 |
_a657 _xContabilidad |
||
| 245 | 1 | 0 | _aContabilidad patrimonial |
| 020 | _a978-987-1140-56-5 | ||
| 264 | 1 |
_aBuenos Aires : _bOsmar D. Buyatti _c2006 |
|
| 300 |
_a432 p. _c22 cm. |
||
| 505 | _a1. La contabilidad y el patrimonio - 2. Registración de los elementos patrimoniales - 3. Patrimonio neto - 4. Bienes de cambio - 5. Bienes de uso - 6. Activos intangibles - 7. Créditos - 8. Efectivo - 9. Inversiones - 10. Compromisos ciertos - 11. Compromisos contingentes | ||
| 942 | _cBK | ||
| 590 | _aniveau_biblio:m niveau_hierar:0 | ||
| 100 | 1 | _aPetti, Ana María | |
| 700 | 1 | _aLonghi, Paula Ana | |
| 856 | 4 | 1 |
_uhttps://biblioeco.unsa.edu.ar/pmb/images/libros/Contabilidad patrimonial-l116424.jpg _yImagen de portada _qimage/jpeg |
| 999 |
_c202 _d202 |
||